00397nam a2200157Ia 4500003000400000005001700004008004100021020001800062040000900080082002200089100002400111245004600135260003600181300000900217650001300226OSt20210108144006.0190216s9999||||xx |||||||||||||| ||und|| a9798188582067 coclc a894.812301bBAL/V aBalakrishnan, Usha  0aVishappinte Kathakal /cUsha Balakrishnan bGreen Books, aThrissur:c2002. a149p aKathakal